MDQL
is popping MORE tags! Check the
thread
!
Quizzes
Events
Quiz Creation
Community
Videos
Private Events
Remove Ads
Sign In
Join for FREE
Feedback
Dark Mode
Quiz Categories
Sports
Geography
Music
Movies
Television
Just For Fun
Miscellaneous
History
Literature
Language
Science
Gaming
Entertainment
Religion
Holiday
For Kids
Quiz Lab
Recent
Popular Today
Quiz Kudos Today
Editor Picks
Curator Picks
Quizzes by...
Day
Popularity
Type
Ratings
Length
Year
Community
Subscriptions
Recent Discussions
Orange Saloon
Badges
Playlists
Quests
Create
Leaderboards
Showdown
Live 5
Trivia Bingo
Activity
Puzzle Library
Sporcle Events
Private Events
Virtual Trivia
Globe League
Become a Host
Pub Owners
SporcleCon
Opinionation
Our Games
Videos
Blog
Mobile Apps
Partnerships
Remove Ads and Go Orange
Feedback
Miscellaneous
Crossword
General Knowledge
Baby Names
Logo
Food
Cars
Numbers
Grab Bag
University
College
Popular
Company
Slogans
Restaurants
Justice
Letter
Miscellaneous
Crossword
General Knowledge
Baby Names
Logo
Food
Cars
Numbers
Grab Bag
University
College
Popular
Company
Slogans
Restaurants
Justice
Letter
Random Quiz
Search Sporcle
×
Quiz Lab
Quiz Lab
Miscellaneous
Girl Names
Type in answers that appear in a list
Type in answers that appear in a list
Classic
Best Score? Go Orange.
Baby Names: Girls 1920 by ANY 3 letters Stats
Can you name the Baby Names: Girls 1920 by ANY 3 letters?
By
kat211123
13m
200 Questions
5,367 Plays
5,367 Plays
5,367 Plays
Comments
Comments
Give Quiz Kudos
Give Quiz Kudos
-
- Ratings
hide this ad
Replay
Link that replays current quiz
Next Quiz
Link to next quiz in quiz playlist
You Got
0%
They Got
Avg Score
77%
Avg Friend Score
Upgrade to see
Score Distribution
Jump to the score distribution portion of the page
Score
0/200
Timer
13:00
0
Plays Today
Ranking
Name
% Correct
168.
Marcella
99.3%
82.
Marilyn
99.2%
106.
Rosemary
99.1%
69.
Marian
99.1%
122.
Maria
99%
14.
Marie
98.9%
47.
Marion
98.9%
126.
Marguerite
98.9%
1.
Mary
98.9%
5.
Margaret
98.8%
20.
Marjorie
98.8%
23.
Martha
98.7%
171.
Caroline
98.6%
109.
Margie
98.6%
155.
Madeline
98.6%
63.
Katherine
98.4%
145.
Jacqueline
98.3%
27.
Catherine
98.2%
200.
Jeannette
98.1%
186.
Rosalie
97.4%
98.
Jeanne
97.4%
149.
Fannie
97.2%
32.
Annie
97.1%
11.
Elizabeth
96.5%
37.
Pauline
96.4%
176.
Estelle
96.4%
94.
Nellie
96.1%
13.
Anna
95.9%
81.
Anne
95.8%
107.
Stella
95.8%
119.
Carolyn
95.3%
100.
Ellen
95%
123.
Christine
95%
194.
Della
95%
51.
Ann
94.9%
41.
Ethel
94.7%
25.
Lillian
94.5%
136.
Carrie
93.9%
182.
Janice
93.9%
134.
Jeanette
93.9%
96.
Lillie
93.7%
95.
Ella
93.6%
85.
Kathleen
93.5%
195.
Bettie
93.4%
169.
Bette
92.8%
3.
Helen
92.7%
78.
Charlotte
92.5%
33.
Josephine
92.4%
34.
Thelma
92.3%
57.
Geraldine
92%
80.
Elaine
92%
12.
Evelyn
92%
4.
Betty
91.9%
163.
Rachel
91.3%
184.
Antoinette
91%
121.
Jennie
90.9%
50.
Lorraine
90.7%
112.
Janet
90.7%
29.
Eleanor
90.7%
110.
Genevieve
90.5%
72.
Willie
90.5%
83.
Kathryn
90.4%
92.
Beverly
90%
56.
Jane
89.9%
21.
Florence
89.8%
52.
Esther
89.7%
161.
Rosie
89.2%
Ranking
Name
% Correct
140.
Dora
88.9%
74.
Theresa
88.7%
165.
Flora
88.7%
116.
Carol
88.3%
46.
Bernice
88.1%
192.
Victoria
87.8%
40.
Gloria
87.6%
58.
Sarah
87.6%
66.
Julia
87.4%
2.
Dorothy
87.2%
193.
Henrietta
87.1%
128.
Sara
87.1%
129.
Loretta
86.5%
43.
Grace
86.2%
8.
Doris
86.2%
188.
Lorene
85.8%
137.
Emily
85.8%
55.
Clara
85.4%
24.
Rose
85.2%
38.
Lucille
85.1%
10.
Frances
85.1%
139.
Billie
85.1%
70.
Bertha
85%
113.
Geneva
84.7%
130.
Harriet
84.4%
131.
Rosa
84.1%
19.
Irene
83.9%
84.
Maxine
83.8%
15.
Alice
83.7%
97.
Jessie
83.7%
178.
Susie
83.6%
102.
Minnie
83.4%
167.
Sally
83.3%
174.
Nora
83.2%
30.
Patricia
83.1%
158.
Claire
82.7%
156.
Miriam
82.6%
18.
Barbara
82.5%
191.
Regina
82.3%
148.
Delores
82.2%
141.
Roberta
82%
196.
Lila
81.7%
75.
Vivian
80.8%
124.
Arlene
80.7%
147.
Inez
80.1%
99.
Eileen
80.1%
48.
Dolores
79.5%
115.
Bonnie
79.5%
146.
Alberta
79.2%
185.
Nina
78.7%
7.
Virginia
78.4%
77.
Laura
77.7%
135.
Blanche
77.2%
172.
Laverne
76.4%
153.
Cora
76.3%
76.
Wanda
75.9%
89.
Bessie
75.8%
16.
Jean
75.8%
118.
Lena
75.5%
53.\
Beatrice
75.3%
6.
Ruth
74.7%
42.
Phyllis
74.3%
59.
Emma
74.3%
88.
Vera
73.9%
189.
Olive
73.5%
36.
Norma
72.9%
60.
Joan
72.6%
Ranking
Name
% Correct
9.
Mildred
72.6%
111.
Mabel
72%
17.
Shirley
71.7%
154.
Constance
71.4%
199.
Johnnie
71.4%
152.
Verna
71%
108.
Mattie
71%
133.
Eunice
70.2%
132.
Muriel
70.1%
64.
Gertrude
69.8%
173.
Sophie
69.3%
187.
Imogene
68.8%
93.
Violet
68.4%
104.
Donna
68.4%
68.
Wilma
68.3%
65.
Elsie
68.1%
26.
Louise
68%
71.
Eva
67.8%
101.
Lucy
66.7%
62.
Nancy
65.1%
150.
Hattie
64.6%
181.
Eloise
64.4%
39.
Edith
64.4%
175.
Rebecca
64%
86.
Viola
63.7%
180.
Winifred
63.7%
54.
Juanita
63.6%
45.
June
63.3%
114.
Georgia
61.3%
49.
Rita
61.1%
190.
Sadie
60.2%
183.
Maggie
59.9%
144.
Anita
59.7%
87.
Pearl
58.2%
103.
Sylvia
58.1%
28.
Ruby
57.2%
73.
Audrey
55.1%
159.
Mamie
53.2%
166.
Daisy
51.3%
79.
Ida
50.7%
117.
Velma
50.3%
157.
Ada
50.3%
160.
Lola
50.2%
35.
Edna
49.9%
31.
Gladys
49.2%
44.
Hazel
48.7%
91.
Alma
48.4%
164.
Mable
47.9%
105.
Leona
45.3%
22.
Lois
44.9%
120.
Mae
44.6%
142.
Hilda
43.6%
61.
Joyce
43.1%
67.
Agnes
43.1%
138.
Beulah
42%
197.
Fern
41%
127.
Opal
37.2%
143.
Naomi
36.3%
90.
Myrtle
35.5%
151.
Lula
34.2%
177.
Irma
33.8%
162.
Erma
31.1%
125.
Peggy
30.5%
179.
Eula
28.2%
198.
Faye
26.3%
170.
Olga
25.3%
Quiz Playlist
Details
Report
Send in Message
Add To Playlist
Classic:
Type in answers that appear in a list
Last Updated: Mar 16, 2017
Quiz Scoreboard
CHALLENGE
Sign Up to Join the Scoreboard
Show All
Scores
Hide
Comments
May contain spoilers
Recently Published
Two Season TV Shows II
by 123Four
Television
10m
Image Sorting: Flags VI
by Barbecue
Geography
2m
Find the 'City' Movie
by crazypaving
Movies
60s
More to Explore
Quiz From the Vault
Featured Blog Post
14 Easter Pick-up Lines to Find Eggs With
hide this ad
You Might Also Like...
Tags
1920
Girl Names
Girls Names
name
Today's Top Quizzes in Miscellaneous
Browse Miscellaneous
hide this ad
Today's Top Quizzes in Girl Names
Browse Girl Names
Top Contributed Quizzes in Miscellaneous
1
The JOE quick-fire general knowledge quiz: Day 174
2
5-to-1: Fast Food
3
9x9 Crossword: Disney Movie Titles
4
The JOE quick-fire general knowledge quiz: Day 173
5
9x9 Crossword: Charlie and the Chocolate Factory
6
9x9 Crossword: The Simpsons
7
9x9 Crossword: Flags
8
9x9 Crossword: 2022 Movies
9
9x9 Crossword: Actors
10
9x9 Crossword: Pixar Movie Titles
Explore More
Trending Topics
Disney
Crossword
Harry Potter
NBA
Marvel
Anime
Kpop
Puzzle
WWE
Pokémon
NFL
Soccer
The Office
Song
Country
hide this ad
More By:
kat211123
Quiz
Plays
Rating
Category
Featured
Created
Baby Names: Girls 1910 by ANY 3 letters
9,888
4.78
Miscellaneous
Mar 28, 2013
Baby Names: Girls 1920 by ANY 3 letters
5,367
4.90
Miscellaneous
Mar 28, 2013
Go to Creator's Profile
Score Distribution
Quiz Creator Spotlight
kat211123
Follow
Send a Message
Quizzes Created
-
Created Quiz Play Count
-
More By This Creator
Popular Quizzes Today
1
Find the US States - No Outlines Minefield
2
Colored Red Africa Blitz
3
Find the 'City' Movie
4
5x2 Blitz: Bands
5
The Countries of the World
6
Find the Countries of Europe - No Outlines Minefield
7
Find the US States
8
US States
More Miscellaneous Quizzes
Meaning of 'K'
Published
Trending Quizzes
Colored Red Europe Blitz I
Colored Red Africa Blitz II
Colored Red Europe Blitz II
Colored Red Africa Blitz III
Colored Red Europe Blitz III
Recently Updated
How Do You Spell That?
pecheneg
Godzilla Movies
pecheneg
Grab Bag: 4-10 Letters
pecheneg
2024 March Madness Bracket
pecheneg
Famous TV Couples
Peacemaker
Champions League XIs: Real Madrid
pecheneg
Largest US Cities 1790-2010
pecheneg
Rides in Walt Disney World
pecheneg
Most Oscar Losses (Acting)
pecheneg
Beyoncé Albums
pecheneg
Trending Topics
Kpop
Harry Potter
Marvel
Anime
Disney
Crossword
NBA
Pokémon
The Office
Soccer
WWE
Puzzle
Country
Song
NFL
Your Account Isn't Verified!
In order to create a playlist on Sporcle, you need to verify the email address you used during registration. Go to your
Sporcle Settings
to finish the process.
Report this User
Report this user for behavior that violates our
Community Guidelines
.
Details:
Send Report
Go to the Sporcle.com Mobile Site →
Comments